00624cam a22002057a 4500003000500000005001700005008004100022010001000063011001000073035001000083040000900093100003400102245008400136260003900220300002000259502007100279650002800350650001800378650002200396CHAP20220329140409.0971013s1974 r 00010 d a51411 a52383 a56533 cCHAP00aFernández Espinoza, José. 0aPosibilidad de industrialización rural con el aceite de cártamo en México aMéxico, D. F. :bEl autor,c1974 a153 h.b: ilus. aTesis (Lic. en Economía) -- UNAM. Escuela Nacional de Economía14aAceite de azafrancillo.14aAzafrancillo.14aDesarrollo rural.